<?xml version="1.0" encoding="UTF-8"?>
<record
    xmlns:xsi="http://www.w3.org/2001/XMLSchema-instance"
    xsi:schemaLocation="http://www.loc.gov/MARC21/slim http://www.loc.gov/standards/marcxml/schema/MARC21slim.xsd"
    xmlns="http://www.loc.gov/MARC21/slim">

  <leader>00536nam a22001577a 4500</leader>
  <controlfield tag="003">OSt</controlfield>
  <controlfield tag="005">20150909162236.0</controlfield>
  <controlfield tag="008">150909b        xxu||||| |||| 00| 0 eng d</controlfield>
  <datafield tag="040" ind1=" " ind2=" ">
    <subfield code="c">RUA</subfield>
  </datafield>
  <datafield tag="082" ind1=" " ind2=" ">
    <subfield code="a">AGR &#x1799;&#x17B8;&#x200B; 1994 B0011 Or.1</subfield>
  </datafield>
  <datafield tag="100" ind1=" " ind2=" ">
    <subfield code="9">197</subfield>
    <subfield code="a">&#x1799;&#x17B8;&#x200B; &#x1794;&#x17CA;&#x17BB;&#x1793;&#x17A0;&#x17B6;&#x1780;&#x17CB;</subfield>
  </datafield>
  <datafield tag="245" ind1=" " ind2=" ">
    <subfield code="a">&#x179F;&#x17B7;&#x1780;&#x17D2;&#x179F;&#x17B6;&#x17A2;&#x17C6;&#x1796;&#x17B8;&#x1794;&#x17D2;&#x179A;&#x1796;&#x17D0;&#x1793;&#x17D2;&#x178B;&#x1780;&#x17D2;&#x179F;&#x17C1;&#x178F;&#x17D2;&#x179A;&#x1794;&#x179A;&#x17B7;&#x179F;&#x17D2;&#x178A;&#x17B6;&#x1793;&#x178A;&#x17C6;&#x178E;&#x17B6;&#x17C6;&#x179F;&#x17D2;&#x179A;&#x17BC;&#x179C;&#x1793;&#x17C5;&#x1780;&#x1798;&#x17D2;&#x1796;&#x17BB;&#x1787;&#x17B6;</subfield>
  </datafield>
  <datafield tag="260" ind1=" " ind2=" ">
    <subfield code="a">RUA</subfield>
    <subfield code="b">phnom penh</subfield>
  </datafield>
  <datafield tag="300" ind1=" " ind2=" ">
    <subfield code="a">191p.</subfield>
    <subfield code="c">ill.</subfield>
    <subfield code="g">29cm.</subfield>
  </datafield>
  <datafield tag="942" ind1=" " ind2=" ">
    <subfield code="2">ddc</subfield>
    <subfield code="c">AGR</subfield>
  </datafield>
  <datafield tag="999" ind1=" " ind2=" ">
    <subfield code="c">177</subfield>
    <subfield code="d">177</subfield>
  </datafield>
  <datafield tag="952" ind1=" " ind2=" ">
    <subfield code="0">0</subfield>
    <subfield code="1">0</subfield>
    <subfield code="2">ddc</subfield>
    <subfield code="4">0</subfield>
    <subfield code="6">AGR_&#x1799;&#x17B8;_1994_000000000000000_B0011_OR_1</subfield>
    <subfield code="7">0</subfield>
    <subfield code="9">714</subfield>
    <subfield code="a">LBB</subfield>
    <subfield code="b">LBB</subfield>
    <subfield code="d">2015-09-09</subfield>
    <subfield code="o">AGR &#x1799;&#x17B8;&#x200B; 1994 B0011 Or.1</subfield>
    <subfield code="p">RUA005095</subfield>
    <subfield code="r">2015-09-09</subfield>
    <subfield code="w">2015-09-09</subfield>
    <subfield code="y">AGR</subfield>
  </datafield>
  <datafield tag="952" ind1=" " ind2=" ">
    <subfield code="0">0</subfield>
    <subfield code="1">0</subfield>
    <subfield code="2">ddc</subfield>
    <subfield code="4">0</subfield>
    <subfield code="6">AGR_&#x1799;&#x17B8;_1994_000000000000000_B0011_OR_2</subfield>
    <subfield code="7">0</subfield>
    <subfield code="9">715</subfield>
    <subfield code="a">LBB</subfield>
    <subfield code="b">LBB</subfield>
    <subfield code="d">2015-09-09</subfield>
    <subfield code="o">AGR &#x1799;&#x17B8;&#x200B; 1994 B0011 Or.2</subfield>
    <subfield code="p">RUA005239</subfield>
    <subfield code="r">2015-09-09</subfield>
    <subfield code="w">2015-09-09</subfield>
    <subfield code="y">AGR</subfield>
  </datafield>
  <datafield tag="952" ind1=" " ind2=" ">
    <subfield code="0">0</subfield>
    <subfield code="1">0</subfield>
    <subfield code="2">ddc</subfield>
    <subfield code="4">0</subfield>
    <subfield code="6">AGR_&#x1799;&#x17B8;_1994_000000000000000_B0011_OR_3</subfield>
    <subfield code="7">0</subfield>
    <subfield code="9">716</subfield>
    <subfield code="a">LBB</subfield>
    <subfield code="b">LBB</subfield>
    <subfield code="d">2015-09-09</subfield>
    <subfield code="o">AGR &#x1799;&#x17B8;&#x200B; 1994 B0011 Or.3</subfield>
    <subfield code="p">RUA005167</subfield>
    <subfield code="r">2015-09-09</subfield>
    <subfield code="w">2015-09-09</subfield>
    <subfield code="y">AGR</subfield>
  </datafield>
  <datafield tag="952" ind1=" " ind2=" ">
    <subfield code="0">0</subfield>
    <subfield code="1">0</subfield>
    <subfield code="2">ddc</subfield>
    <subfield code="4">0</subfield>
    <subfield code="6">AGR_&#x1799;&#x17B8;_1994_000000000000000_B0011_OR_4</subfield>
    <subfield code="7">0</subfield>
    <subfield code="9">717</subfield>
    <subfield code="a">LBB</subfield>
    <subfield code="b">LBB</subfield>
    <subfield code="d">2015-09-09</subfield>
    <subfield code="o">AGR &#x1799;&#x17B8;&#x200B; 1994 B0011 Or.4</subfield>
    <subfield code="p">RUA005888</subfield>
    <subfield code="r">2015-09-09</subfield>
    <subfield code="w">2015-09-09</subfield>
    <subfield code="y">AGR</subfield>
  </datafield>
  <datafield tag="952" ind1=" " ind2=" ">
    <subfield code="0">0</subfield>
    <subfield code="1">0</subfield>
    <subfield code="2">ddc</subfield>
    <subfield code="4">0</subfield>
    <subfield code="6">AGR_&#x1799;&#x17B8;_1994_000000000000000_B0011_OR_5</subfield>
    <subfield code="7">0</subfield>
    <subfield code="9">45701</subfield>
    <subfield code="a">LBB</subfield>
    <subfield code="b">LBB</subfield>
    <subfield code="d">2016-05-19</subfield>
    <subfield code="o">AGR &#x1799;&#x17B8;&#x200B; 1994 B0011 Or.5</subfield>
    <subfield code="p">RUA035372</subfield>
    <subfield code="r">2016-05-19</subfield>
    <subfield code="w">2016-05-19</subfield>
    <subfield code="y">AGR</subfield>
  </datafield>
</record>
